[Event "I Festival Steinitz A"]
[Site "Roma ITA"]
[Date "2002.07.06"]
[Round "2"]
[White "Tacchi, Fabio"]
[Black "Marini, Giulio"]
[Result "1/2-1/2"]
[WhiteElo "1771"]
[BlackElo "1558"]
[PlyCount "121"]
[EventDate "2002.07.05"]

1. d4 Nf6 2. c4 g6 3. Nc3 Bg7 4. e4 O-O 5. Nf3 d6 6. Be2 c6 7. O-O a6 8. h3 b5
9. Be3 Bd7 10. Qc2 b4 11. Na4 c5 12. e5 Ne8 13. dxc5 Bxa4 14. Qxa4 dxe5 15.
Rad1 Qc7 16. Qxb4 e4 17. Nd4 e5 18. Nb3 Nc6 19. Qb6 f5 20. Qxc7 Nxc7 21. Rd6
Nd4 22. Nxd4 exd4 23. Bxd4 Bxd4 24. Rxd4 Ne6 25. Rd5 Rfd8 26. Rfd1 Rxd5 27.
Rxd5 Rd8 28. Rxd8+ Nxd8 29. b4 Nc6 30. b5 axb5 31. cxb5 Nd4 32. Kf1 Kf7 33. b6
Ke7 34. b7 Nc6 35. a4 Kd8 36. a5 Kc7 37. a6 Kb8 38. Bc4 Nb4 39. Ke2 h6 40. Ke3
Nc2+ 41. Kf4 e3 42. fxe3 g5+ 43. Kf3 g4+ 44. hxg4 fxg4+ 45. Kf4 h5 46. e4 Ne1
47. g3 Ng2+ 48. Kg5 h4 49. gxh4 Ne3 50. Be6 g3 51. Bh3 g2 52. Bxg2 Nxg2 53. h5
Ne1 54. h6 Nf3+ 55. Kf6 Nd2 56. h7 Nxe4+ 57. Kg6 Ka7 58. h8=Q Kxa6 59. Qa8+ Kb5
60. b8=Q+ Kxc5 61. Qxe4 1/2-1/2

[Event "I Festival Steinitz A"]
[Site "Roma ITA"]
[Date "2002.07.06"]
[Round "2"]
[White "Tinari, Marco"]
[Black "Balzano, Giuseppe"]
[Result "1-0"]
[WhiteElo "1860"]
[BlackElo "1510"]
[PlyCount "59"]
[EventDate "2002.07.05"]

1. c4 Nf6 2. Nc3 g6 3. e4 d6 4. d4 Bg7 5. Nf3 O-O 6. Be2 Nbd7 7. O-O c5 8. e5
dxe5 9. dxe5 Ng4 10. e6 Ndf6 11. exf7+ Kxf7 12. h3 Nh6 13. Be3 b6 14. Ne5+ Kg8
15. Qxd8 Rxd8 16. Bf3 Be6 17. Bxa8 Rxa8 18. b3 Nf5 19. Bf4 Nd4 20. Bh2 Kf8 21.
Rad1 Ke8 22. Nb5 Nxb5 23. cxb5 a6 24. bxa6 Rxa6 25. Nc6 Nd7 26. Rfe1 Nf8 27.
Rd8+ Kf7 28. Rb8 Rxa2 29. Nd8+ Kg8 30. Nxe6 1-0

[Event "I Festival Steinitz A"]
[Site "Roma ITA"]
[Date "2002.07.06"]
[Round "2"]
[White "Tomescu, Vlad"]
[Black "Marino, Massimo"]
[Result "1-0"]
[WhiteElo "2438"]
[BlackElo "1966"]
[PlyCount "63"]
[EventDate "2002.07.05"]

1. e4 e6 2. d4 d5 3. Nd2 c5 4. exd5 exd5 5. Ngf3 Nf6 6. dxc5 Bxc5 7. Nb3 Be7 8.
h3 O-O 9. Bd3 Bb4+ 10. c3 Re8+ 11. Be3 Bf8 12. O-O Nc6 13. Re1 Be6 14. Bc5 Bd6
15. Bxd6 Qxd6 16. Nbd4 Nxd4 17. Nxd4 Qf4 18. Qc1 Qxc1 19. Raxc1 a6 20. f3 Bd7
21. Kf2 Rxe1 22. Rxe1 Re8 23. Rxe8+ Nxe8 24. Ke3 Nd6 25. Nb3 Kf8 26. Kd4 Be6
27. Kc5 Ke7 28. Kb6 h6 29. Nc5 Bc8 30. Kc7 g6 31. a4 b5 32. a5 1-0

[Event "I Festival Steinitz A"]
[Site "Roma ITA"]
[Date "2002.07.06"]
[Round "2"]
[White "Turturici, Pellegrino"]
[Black "Abuhamdieh, Arafat"]
[Result "1-0"]
[WhiteElo "1746"]
[BlackElo "1552"]
[PlyCount "92"]
[EventDate "2002.07.05"]

1. c4 c5 2. Nc3 Nc6 3. Nf3 g6 4. d4 cxd4 5. Nxd4 Bg7 6. e3 Nf6 7. g3 O-O 8. Bg2
Rb8 9. O-O a6 10. Qd2 Qc7 11. b3 e6 12. Bb2 b6 13. Nde2 Rd8 14. Rfd1 Bb7 15.
Rac1 Ne5 16. e4 d6 17. h3 Bf8 18. g4 h6 19. Qf4 Nfd7 20. Rd2 g5 21. Qe3 Ng6 22.
Rcd1 Be7 23. Ng3 Nf4 24. Ba3 Ne5 25. Nh5 Nxg2 26. Kxg2 f5 27. f3 f4 28. Qd4 Bc6
29. Ne2 Be8 30. Nf6+ Kf7 31. Nxe8 Kxe8 32. Qc3 d5 33. Bxe7 Kxe7 34. exd5 exd5
35. Rxd5 Rxd5 36. Rxd5 Nf7 37. Nd4 Ke8 38. Qe1+ Qe7 39. Qxe7+ Kxe7 40. Nc6+ Ke6
41. Nxb8 a5 42. Nc6 Kf6 43. Nxa5 bxa5 44. Rxa5 Ke6 45. Rd5 Nd6 46. Rxd6+ Kxd6
1-0

[Event "I Festival Steinitz A"]
[Site "Roma ITA"]
[Date "2002.07.06"]
[Round "2"]
[White "Vanzan, Alessandro"]
[Black "Sindoni, Antonio"]
[Result "1-0"]
[WhiteElo "1558"]
[BlackElo "1533"]
[PlyCount "131"]
[EventDate "2002.07.05"]

1. c4 f5 2. Nf3 Nf6 3. d3 e6 4. g3 d5 5. Bg2 c6 6. O-O Bd6 7. a3 O-O 8. Nc3 Bd7
9. Bd2 Be8 10. b4 Nbd7 11. c5 Bc7 12. Ng5 Bf7 13. d4 h6 14. Nxf7 Rxf7 15. f3 e5
16. e3 exd4 17. exd4 f4 18. g4 Nh7 19. Be1 Qe8 20. Bf2 Re7 21. Qd3 Qf7 22. Rae1
Rae8 23. Rxe7 Rxe7 24. Re1 Rxe1+ 25. Bxe1 Qe6 26. Bf2 Nhf8 27. Bf1 Qg6 28. Qe2
Qe6 29. Qa2 Qg6 30. b5 Qf7 31. a4 Ba5 32. Qb3 Nf6 33. Be1 Bd8 34. Na2 Qd7 35.
a5 Ne6 36. Bc3 Ng5 37. Kf2 Nxf3 38. h3 Ng5 39. Bg2 Nge4+ 40. Kg1 Ng3 41. Qc2
Nfe4 42. Be1 Bh4 43. Bxe4 dxe4 44. Qc4+ Kh8 45. Nc3 e3 46. d5 cxd5 47. Qxf4
Ne2+ 48. Nxe2 Bxe1 49. Nd4 Bxa5 50. Qxe3 Bd8 51. c6 bxc6 52. bxc6 Qd6 53. Kg2
Bb6 54. Qe8+ Kh7 55. Ne6 Qb4 56. Nf8+ Kg8 57. Nd7+ Kh7 58. Nxb6 Qd2+ 59. Kf3
Qc3+ 60. Qe3 Qf6+ 61. Kg3 Qxc6 62. Qd3+ g6 63. Nxd5 Qd6+ 64. Kg2 h5 65. Qd4 Qd7
66. Nf6+ 1-0

[Event "I Festival Steinitz A"]
[Site "Roma ITA"]
[Date "2002.07.06"]
[Round "2"]
[White "Vittimberga, Valeria"]
[Black "Quaglia, Ferdinando"]
[Result "0-1"]
[WhiteElo "1482"]
[BlackElo "1580"]
[PlyCount "134"]
[EventDate "2002.07.05"]

1. e4 c5 2. c3 Nc6 3. d4 cxd4 4. cxd4 e6 5. Bc4 Bb4+ 6. Nc3 Qa5 7. Nge2 d5 8.
exd5 exd5 9. Bb3 Nf6 10. Bd2 Be6 11. a3 Bxc3 12. Bxc3 Qb6 13. O-O Ne4 14. Re1
O-O 15. Nf4 Nxc3 16. bxc3 Ne7 17. Re5 Rac8 18. Bxd5 Nxd5 19. Nxd5 Bxd5 20. Rxd5
Rxc3 21. Rb1 Qc6 22. Rdb5 b6 23. R5b3 Rxb3 24. Rxb3 Rc8 25. h3 Qa4 26. Qd3 Rc4
27. Rc3 b5 28. d5 g6 29. Qe3 Rxc3 30. Qxc3 Qd1+ 31. Kh2 Qxd5 32. Qc8+ Kg7 33.
Qc3+ f6 34. Qc7+ Qf7 35. Qc5 Qd7 36. g3 Qb7 37. Qb4 Kf7 38. Qb3+ Kg7 39. a4 a6
40. axb5 Qxb5 41. Qd1 a5 42. Kg2 a4 43. Qa1 Qb3 44. Qd4 a3 45. Qa7+ Kh6 46. Qa8
g5 47. Qf8+ Kg6 48. Qe8+ Qf7 49. Qe4+ Kg7 50. h4 h6 51. Qa4 a2 52. h5 f5 53.
Qd4+ Kh7 54. Qa4 Qb7+ 55. Kh2 Qf7 56. Kg2 f4 57. Qc2+ Kg8 58. Qc8+ Kg7 59. Qc3+
Qf6 60. Qc7+ Qf7 61. Qc3+ Kf8 62. Qa3+ Kg8 63. Qa8+ Kg7 64. Qa3 Qd5+ 65. Kh2
fxg3+ 66. fxg3 Qd2+ 67. Kh3 g4+ 0-1

[Event "I Festival Steinitz A"]
[Site "Roma ITA"]
[Date "2002.07.06"]
[Round "2"]
[White "Voiska, Margarita"]
[Black "Marta, Daniele"]
[Result "1-0"]
[WhiteElo "2356"]
[BlackElo "2014"]
[PlyCount "115"]
[EventDate "2002.07.05"]

1. c4 Nf6 2. Nc3 g6 3. g3 Bg7 4. Bg2 O-O 5. e4 d6 6. Nge2 e5 7. O-O c6 8. h3 a5
9. d3 Na6 10. Be3 Nc5 11. f4 Qe7 12. Qd2 Re8 13. Rae1 Bd7 14. f5 d5 15. exd5
cxd5 16. Bg5 gxf5 17. d4 exd4 18. Nxd5 Qd6 19. Bxf6 Bxf6 20. Nxf6+ Qxf6 21.
Qxd4 Qxd4+ 22. Nxd4 Nd3 23. Rxe8+ Rxe8 24. Bxb7 f4 25. gxf4 Bxh3 26. Rf3 Re1+
27. Kh2 Bf1 28. b3 Nc5 29. Bd5 Bd3 30. Rg3+ Kf8 31. Nf3 Ra1 32. Rg2 Bb1 33. Rg5
Rxa2+ 34. Kg1 Nxb3 35. c5 a4 36. c6 Rc2 37. Ne5 Nd4 38. Bxf7 Nf3+ 39. Nxf3 Kxf7
40. Ra5 Rc3 41. Ne5+ Ke6 42. Rxa4 Bf5 43. Kf2 Kd6 44. Rd4+ Kc7 45. Rb4 Kd6 46.
Rb8 Kc7 47. Rf8 Be4 48. Rf7+ Kc8 49. Rf6 Kc7 50. Rh6 Bd5 51. Ke2 Be4 52. Kd2
Rg3 53. Rf6 Bd5 54. f5 h5 55. Rh6 Rg7 56. f6 Rg8 57. Rxh5 Bxc6 58. Rh7+ 1-0

[Event "I Festival Steinitz A"]
[Site "Roma ITA"]
[Date "2002.07.06"]
[Round "3"]
[White "Abuhamdieh, Arafat"]
[Black "Conflitti, Alessandro"]
[Result "1-0"]
[WhiteElo "1552"]
[BlackElo "1500"]
[PlyCount "61"]
[EventDate "2002.07.05"]

1. e4 e6 2. d4 d5 3. exd5 exd5 4. Bd3 Bd6 5. Nf3 Ne7 6. O-O Nbc6 7. a3 Bg4 8.
c3 Qd7 9. Re1 O-O-O 10. b4 Ng6 11. Be2 Bf4 12. Nbd2 h5 13. Nb3 Qd6 14. b5 Nce7
15. h3 Bxf3 16. Bxf3 Rde8 17. Nc5 Bxc1 18. Rxc1 Nf4 19. c4 g5 20. Rc3 f5 21.
Bxd5 Nexd5 22. cxd5 Nxd5 23. Rg3 g4 24. hxg4 hxg4 25. Rxe8+ Rxe8 26. Kf1 Nf4
27. Re3 Rxe3 28. fxe3 Nd5 29. Qd3 Qg3 30. Qxf5+ Kd8 31. Qd7# 1-0

[Event "I Festival Steinitz A"]
[Site "Roma ITA"]
[Date "2002.07.06"]
[Round "3"]
[White "Balzano, Giuseppe"]
[Black "Ermacora, Ilario"]
[Result "1-0"]
[WhiteElo "1510"]
[BlackElo "1600"]
[PlyCount "41"]
[EventDate "2002.07.05"]

1. d4 d5 2. c4 c6 3. Nf3 dxc4 4. e4 b5 5. a4 Bd7 6. Be2 e6 7. O-O Nf6 8. Qc2
Be7 9. Be3 O-O 10. e5 Nd5 11. Bd2 f5 12. exf6 Bxf6 13. Ne5 Qc7 14. Qe4 Bc8 15.
Ra3 Bxe5 16. dxe5 Qf7 17. Rh3 Qf5 18. Qh4 h6 19. Rf3 Qg6 20. Rxf8+ Kxf8 21. Bh5
1-0

[Event "I Festival Steinitz A"]
[Site "Roma ITA"]
[Date "2002.07.06"]
[Round "3"]
[White "Basile, Aldo"]
[Black "Lombardi, Raffaele"]
[Result "0-1"]
[WhiteElo "1289"]
[BlackElo "1476"]
[PlyCount "94"]
[EventDate "2002.07.05"]

1. e4 e6 2. f4 Qh4+ 3. g3 Qd8 4. d4 d5 5. e5 c5 6. c3 cxd4 7. cxd4 Nc6 8. Nf3
Qb6 9. b3 Bb4+ 10. Kf2 Bd7 11. a3 Be7 12. Nc3 Rc8 13. Na4 Qd8 14. b4 b6 15. Ba6
Rc7 16. Bd2 Nh6 17. Nc3 Nf5 18. Nb5 O-O 19. Nxc7 Qxc7 20. Rc1 Qd8 21. Be1 f6
22. exf6 Bxf6 23. Ne5 Nxe5 24. dxe5 Be7 25. Bd3 b5 26. Bxf5 Rxf5 27. Rf1 Be8
28. Bc3 Bc6 29. Bd4 Qe8 30. Bxa7 Qa8 31. Qd4 Bd8 32. Rc3 g5 33. Kg2 gxf4 34.
Rxf4 Rxf4 35. gxf4 Bh4 36. Bc5 Qe8 37. Qg1 Kh8 38. Kh1 Qh5 39. Qg2 Be8 40. Rc1
Bg6 41. Kg1 Be4 42. Qd2 Qg4+ 43. Kf1 Qf3+ 44. Bf2 Qg2+ 45. Ke1 Qg1+ 46. Ke2
Qxf2+ 47. Kd1 Qf1+ 0-1

[Event "I Festival Steinitz A"]
[Site "Roma ITA"]
[Date "2002.07.06"]
[Round "3"]
[White "Bonafede, Emanuel"]
[Black "Campatelli, Giovanni"]
[Result "1-0"]
[WhiteElo "1582"]
[BlackElo "1506"]
[PlyCount "63"]
[EventDate "2002.07.05"]

1. e4 e5 2. Nf3 d6 3. h3 Nf6 4. c3 Be7 5. Qc2 O-O 6. d4 Nbd7 7. Bc4 c6 8. dxe5
dxe5 9. O-O Qc7 10. Bg5 b5 11. Bd3 Nc5 12. c4 b4 13. Bxf6 Bxf6 14. a3 b3 15.
Qc3 Rb8 16. a4 Rb7 17. Nbd2 Be6 18. Be2 Rfb8 19. Bd1 Rb4 20. Qe3 Be7 21. Qc3
Nxa4 22. Qxe5 Bd6 23. Qd4 c5 24. Qe3 Nxb2 25. Bxb3 Nxc4 26. Bxc4 Bxc4 27. e5
Bf8 28. Nxc4 Rxc4 29. e6 fxe6 30. Qxe6+ Qf7 31. Qxf7+ Kxf7 32. Ne5+ 1-0

[Event "I Festival Steinitz A"]
[Site "Roma ITA"]
[Date "2002.07.06"]
[Round "3"]
[White "Caiazzo, Diego"]
[Black "Tacchi, Fabio"]
[Result "0-1"]
[WhiteElo "1605"]
[BlackElo "1771"]
[PlyCount "82"]
[EventDate "2002.07.05"]

1. c4 e5 2. Nc3 f5 3. d3 Nf6 4. Nf3 d6 5. g3 Be7 6. Bg2 O-O 7. O-O a5 8. b3 Na6
9. Na4 Qe8 10. Bb2 Qh5 11. e3 f4 12. exf4 exf4 13. Nd4 Bg4 14. Bf3 fxg3 15.
fxg3 Bxf3 16. Nxf3 Ng4 17. Qd2 d5 18. Rae1 Rae8 19. a3 dxc4 20. dxc4 Nc5 21.
Qd4 Bf6 22. Qxc5 Qxc5+ 23. Nxc5 Rxe1 24. Nxe1 Bxb2 25. Rxf8+ Kxf8 26. Nxb7 Bxa3
27. Nd3 Bb4 28. Nxb4 axb4 29. Nc5 Ne5 30. Ne6+ Ke7 31. Nxc7 Kd6 32. Nd5 Kc5 33.
Kf2 Nd3+ 34. Kf3 Nc1 35. Nf4 Nxb3 36. Ke3 Nd4 37. Nh5 Ne6 38. Nf4 Nxf4 39. gxf4
g6 40. h3 h6 41. h4 h5 0-1

[Event "I Festival Steinitz A"]
[Site "Roma ITA"]
[Date "2002.07.06"]
[Round "3"]
[White "Cannada Bartoli, Vincenzo"]
[Black "Palermo, Stefano"]
[Result "1/2-1/2"]
[WhiteElo "1572"]
[BlackElo "2066"]
[PlyCount "117"]
[EventDate "2002.07.05"]

1. Nf3 c5 2. c4 Nc6 3. g3 g6 4. Bg2 Bg7 5. O-O Nf6 6. d3 O-O 7. Nc3 d6 8. Bd2
a6 9. Qc1 Rb8 10. Bh6 Bd7 11. Bxg7 Kxg7 12. Ng5 b5 13. cxb5 axb5 14. Nge4 b4
15. Nxf6 exf6 16. Ne4 Nd4 17. Qd2 Qc7 18. e3 Ne6 19. Qc2 Bc6 20. b3 Bxe4 21.
Bxe4 Rfd8 22. Rfc1 Rbc8 23. Qb2 Qe7 24. Bg2 Kg8 25. a3 bxa3 26. Rxa3 Nc7 27.
Ra7 Qe5 28. d4 Qe6 29. Rca1 cxd4 30. exd4 Qf5 31. Bb7 Rb8 32. Bc6 Rdc8 33. Bb7
Rd8 34. Bc6 Ne6 35. Re7 Qd3 36. Bd5 Nxd4 37. Bxf7+ Kf8 38. Re3 Nf3+ 39. Kg2 Qd4
40. Qxd4 Nxd4 41. Ra7 Nc6 42. Rc7 Ne5 43. Bd5 Rd7 44. Rec3 Rbd8 45. b4 Rxc7 46.
Rxc7 Rb8 47. Bb7 h5 48. b5 Ke8 49. Rg7 Nd7 50. Bc6 Kd8 51. b6 Nxb6 52. Rg8+ Kc7
53. Rxb8 Kxb8 54. Be8 g5 55. Bxh5 Kc7 56. h4 d5 57. hxg5 fxg5 58. Kf3 Nd7 59.
Kg4 1/2-1/2

[Event "I Festival Steinitz A"]
[Site "Roma ITA"]
[Date "2002.07.06"]
[Round "3"]
[White "Carbone, Stefano"]
[Black "Spano' Cuomo, Gaetano"]
[Result "0-1"]
[WhiteElo "1500"]
[BlackElo "1746"]
[PlyCount "52"]
[EventDate "2002.07.05"]

1. d4 f5 2. Nf3 Nf6 3. e3 e6 4. b3 Be7 5. c4 O-O 6. Ba3 Bxa3 7. Nxa3 Qe7 8. c5
Nc6 9. Nc2 d6 10. Nd2 dxc5 11. Bb5 cxd4 12. Bxc6 dxe3 13. Nxe3 bxc6 14. O-O Ba6
15. Ndc4 f4 16. Ng4 Nxg4 17. Qxg4 e5 18. Rfe1 Bxc4 19. bxc4 Rad8 20. Qe2 f3 21.
Qxe5 Qxe5 22. Rxe5 fxg2 23. Re7 Rd2 24. Kxg2 Rfxf2+ 25. Kg3 Rg2+ 26. Kf3 Rdf2+
0-1

[Event "I Festival Steinitz A"]
[Site "Roma ITA"]
[Date "2002.07.06"]
[Round "3"]
[White "Coglitore, Roberto"]
[Black "Bonafede, Alvise"]
[Result "0-1"]
[WhiteElo "1741"]
[BlackElo "1518"]
[PlyCount "118"]
[EventDate "2002.07.05"]

1. e4 c5 2. Nf3 e6 3. d4 cxd4 4. Nxd4 Nf6 5. Nc3 d6 6. f4 a6 7. Bd3 Bd7 8. Qe2
Nc6 9. Nf3 Qb6 10. Rb1 Nd4 11. Nxd4 Qxd4 12. a3 Qc5 13. Be3 Qc7 14. O-O b5 15.
e5 dxe5 16. fxe5 Qxe5 17. Qf3 Rc8 18. Rbe1 Bc6 19. Qh3 Qh5 20. Qg3 Bc5 21. Rf5
Bxe3+ 22. Qxe3 Qg4 23. Rg5 Qh4 24. Rxg7 Kf8 25. g3 Qh3 26. Bf1 Qf5 27. Rg5 Qf3
28. Qxf3 Bxf3 29. Re3 Bb7 30. Rd3 h6 31. Re5 Ke7 32. Bg2 Bxg2 33. Kxg2 Rhd8 34.
Rxd8 Kxd8 35. Re2 Rc5 36. Kf3 Rf5+ 37. Kg2 Ke7 38. Ne4 Rd5 39. Nd2 h5 40. Nf3
Rf5 41. Nd4 Rd5 42. Nc6+ Kf8 43. Nb4 Rd6 44. Nd3 Kg7 45. Re5 Kh6 46. Rc5 Nd5
47. Kf3 f6 48. Ke4 Ne7 49. Rc7 Nc6 50. Nc5 Na5 51. Re7 f5+ 52. Ke3 Nc4+ 53. Ke2
Rd2+ 54. Ke1 Rxc2 55. Rxe6+ Kg5 56. h3 f4 57. gxf4+ Kxf4 58. Nd3+ Kg3 59. Rxa6
Nxb2 0-1

[Event "I Festival Steinitz A"]
[Site "Roma ITA"]
[Date "2002.07.06"]
[Round "3"]
[White "D'Amico, Francesco"]
[Black "Chiaretti, Roberto"]
[Result "1/2-1/2"]
[WhiteElo "1600"]
[BlackElo "2199"]
[PlyCount "47"]
[EventDate "2002.07.05"]

1. d4 Nf6 2. c4 e6 3. Nc3 Bb4 4. Qc2 O-O 5. Bg5 c5 6. dxc5 Na6 7. Nf3 Nxc5 8.
Nd2 b6 9. a3 Bxc3 10. Qxc3 Bb7 11. f3 d5 12. cxd5 exd5 13. Nb3 Ncd7 14. Nd4 Rc8
15. Qd2 Re8 16. e3 a6 17. Bd3 Ne5 18. b3 b5 19. Bf5 Rc7 20. O-O h6 21. Bh4 g6
22. Bh3 Kg7 23. Rac1 Rxc1 24. Rxc1 1/2-1/2

[Event "I Festival Steinitz A"]
[Site "Roma ITA"]
[Date "2002.07.06"]
[Round "3"]
[White "De Benedetti, Arnaldo"]
[Black "Yamson, Roberto"]
[Result "0-1"]
[WhiteElo "1494"]
[BlackElo "1623"]
[PlyCount "109"]
[EventDate "2002.07.05"]

1. e4 c5 2. Nc3 Nc6 3. Nf3 d6 4. Bc4 Nf6 5. O-O g6 6. a3 Bg7 7. d3 O-O 8. Ng5
h6 9. Nf3 Bg4 10. h3 Bxf3 11. Qxf3 Na5 12. Qg3 Nxc4 13. dxc4 Qd7 14. f4 Nh5 15.
Qf3 f5 16. exf5 Qxf5 17. g4 Bd4+ 18. Kh1 Qf7 19. gxh5 g5 20. Re1 e5 21. Qd5
exf4 22. Re7 Qxd5+ 23. Nxd5 Rae8 24. c3 f3 25. Bd2 Bg7 26. Rf1 Rxe7 27. Nxe7+
Kh7 28. Ng6 Rf7 29. Kh2 Be5+ 30. Nxe5 dxe5 31. Kg3 e4 32. Kf2 Kg7 33. Ke3 Re7
34. Rg1 Kf6 35. Rg4 Kf5 36. b4 Rd7 37. Be1 Rd3+ 38. Kf2 Rd1 39. h4 Kxg4 40.
hxg5 Kxh5 41. gxh6 Kxh6 42. bxc5 e3+ 43. Kxe3 Rxe1+ 44. Kxf3 Rc1 45. Ke4 Rxc3
46. Kd5 Rd3+ 47. Ke4 Rxa3 48. c6 bxc6 49. Kd4 Ra5 50. Kc3 c5 51. Kd3 Ra1 52.
Ke3 Rd1 53. Ke2 Rd4 54. Ke3 Kg5 55. Ke2 0-1

[Event "I Festival Steinitz A"]
[Site "Roma ITA"]
[Date "2002.07.06"]
[Round "3"]
[White "Del Vecchio, Ausonio"]
[Black "Marini, Giulio"]
[Result "1-0"]
[WhiteElo "1389"]
[BlackElo "1558"]
[PlyCount "51"]
[EventDate "2002.07.05"]

1. d4 Nf6 2. c4 g6 3. Nc3 Bg7 4. Nf3 O-O 5. e4 d6 6. Be2 c6 7. O-O a6 8. a3 b5
9. b4 bxc4 10. Bxc4 c5 11. e5 Nfd7 12. e6 fxe6 13. Bxe6+ Kh8 14. Qd3 cxb4 15.
axb4 Qb6 16. Nd5 Qd8 17. Nc3 Bb7 18. Ng5 Qe8 19. Nxh7 Kxh7 20. Bg5 Nc6 21. Nd5
Nxd4 22. Rae1 Nf3+ 23. Qxf3 Nf6 24. Nxf6+ Bxf6 25. Qh3+ Kg7 26. Qh6# 1-0

[Event "I Festival Steinitz A"]
[Site "Roma ITA"]
[Date "2002.07.06"]
[Round "3"]
[White "Dentale, Enrico"]
[Black "Bolla, Vittorio"]
[Result "0-1"]
[WhiteElo "1483"]
[BlackElo "1603"]
[PlyCount "138"]
[EventDate "2002.07.05"]

1. d4 Nf6 2. Nf3 c5 3. e3 e6 4. Bd3 d5 5. c3 Bd6 6. Nbd2 a6 7. O-O Nbd7 8. Qe2
c4 9. Bc2 b5 10. e4 dxe4 11. Nxe4 Qc7 12. Nxd6+ Qxd6 13. Ne5 Bb7 14. Bg5 Qd5
15. f3 Qd6 16. Rad1 O-O 17. Nxd7 Nxd7 18. Be4 Bd5 19. Be7 Qxe7 20. Bxd5 Ra7 21.
Rfe1 Nf6 22. Be4 Qc7 23. Bc2 Raa8 24. Qe5 Qxe5 25. Rxe5 Nd5 26. Be4 Rad8 27.
Bxd5 Rxd5 28. Rxd5 exd5 29. Re1 Rd8 30. Re7 Kf8 31. Ra7 Rd6 32. Kf2 g6 33. g4
g5 34. h3 Kg7 35. Re7 Kg6 36. Re8 Kg7 37. Rc8 h6 38. Rc5 Kg6 39. b3 cxb3 40.
axb3 Kf6 41. Ke2 Ke6 42. Rc8 Ke7 43. Rc7+ Kf6 44. Kd3 Ke6 45. Ke3 Kf6 46. f4
Re6+ 47. Kf3 gxf4 48. Kxf4 Re4+ 49. Kf3 Re7 50. Rxe7 Kxe7 51. Kf4 Kf6 52. h4 a5
53. Ke3 a4 54. bxa4 bxa4 55. Kd2 Ke6 56. Kc2 Kd6 57. Kb2 Kc6 58. h5 f6 59. Ka3
Kb5 60. Ka2 Kc4 61. Ka3 Kxc3 62. Kxa4 Kxd4 63. Kb4 Ke3 64. Kc5 d4 65. Kd5 d3
66. Ke6 d2 67. Kxf6 d1=Q 68. Kg6 Qxg4+ 69. Kxh6 Kf4 0-1

[Event "I Festival Steinitz A"]
[Site "Roma ITA"]
[Date "2002.07.06"]
[Round "3"]
[White "Dinacci, Fabrizio"]
[Black "Della Corte, Alessandro"]
[Result "0-1"]
[WhiteElo "1500"]
[BlackElo "1915"]
[PlyCount "74"]
[EventDate "2002.07.05"]

1. c4 c5 2. g3 Nc6 3. Bg2 e6 4. Nf3 Nf6 5. Nc3 a6 6. O-O Be7 7. d3 O-O 8. Bg5
h6 9. Bf4 d5 10. cxd5 exd5 11. d4 Re8 12. dxc5 Bxc5 13. Nd2 Bg4 14. h3 Be6 15.
e3 g5 16. Nb3 Bb4 17. Ne2 gxf4 18. Nxf4 Rc8 19. Nd4 Nxd4 20. Qxd4 Bc5 21. Qd1
Qd7 22. Qf3 Be7 23. Rfd1 Rc2 24. b3 Ne4 25. Nxd5 Bxd5 26. Qxe4 Bxe4 27. Rxd7
Bxg2 28. Kxg2 Bf6 29. Rad1 Rxe3 30. Rxb7 Ree2 31. Kf3 Rxf2+ 32. Kg4 Rxa2 33.
Rd3 h5+ 34. Kxh5 Ra5+ 35. Kg4 Rg5+ 36. Kh4 Rg6+ 37. Kh5 Rf5# 0-1

[Event "I Festival Steinitz A"]
[Site "Roma ITA"]
[Date "2002.07.06"]
[Round "3"]
[White "Djuric, Stefan"]
[Black "Betori, Alessandro"]
[Result "1-0"]
[WhiteElo "2484"]
[BlackElo "1500"]
[PlyCount "33"]
[EventDate "2002.07.05"]

1. e4 d5 2. exd5 Qxd5 3. Nc3 Qa5 4. Nf3 Nf6 5. Be2 e5 6. O-O c6 7. Re1 Bd6 8.
d4 O-O 9. dxe5 Bxe5 10. Bd2 Nbd7 11. Bc4 Qc7 12. Nxe5 Nxe5 13. Bf4 Re8 14. Qd4
Nfd7 15. Rad1 Qb6 16. Bxe5 c5 17. Qf4 1-0

[Event "I Festival Steinitz A"]
[Site "Roma ITA"]
[Date "2002.07.06"]
[Round "3"]
[White "Ferraguto, Andrea"]
[Black "Tinari, Marco"]
[Result "0-1"]
[WhiteElo "1597"]
[BlackElo "1860"]
[PlyCount "131"]
[EventDate "2002.07.05"]

1. e4 d6 2. d4 g6 3. c4 Bg7 4. Nc3 Nf6 5. f3 Nbd7 6. Be3 O-O 7. Qd2 c5 8. Nge2
Re8 9. Rd1 Qa5 10. d5 Ne5 11. Nc1 a6 12. Be2 Bd7 13. O-O b5 14. b3 bxc4 15.
Bxc4 Nxc4 16. bxc4 Rab8 17. N1e2 Rb4 18. Qd3 Reb8 19. Rb1 Ne8 20. Bd2 Qb6 21.
a3 Rxb1 22. Rxb1 Qc7 23. Rxb8 Qxb8 24. Qb1 Qxb1+ 25. Nxb1 Ba4 26. Bc3 Bc2 27.
Nd2 Bh6 28. Nc1 Nf6 29. Ndb3 Nd7 30. Bd2 Bg7 31. Na5 Bb2 32. Kf2 Bxa3 33. Ke2
Bb4 34. Bxb4 cxb4 35. Kd2 Ba4 36. Nc6 Bxc6 37. dxc6 Nb6 38. Kd3 e5 39. Nb3 Kf8
40. c5 dxc5 41. Nxc5 a5 42. c7 Ke7 43. Na4 Nc8 44. Kc4 Nd6+ 45. Kc5 Kd7 46. Kb6
b3 47. Nc5+ Kc8 48. Nxb3 a4 49. Na1 Nc4+ 50. Kb5 Ne3 51. Kc6 a3 52. Kd6 Nc4+
53. Kd5 Ne3+ 54. Kxe5 Kxc7 55. Kf6 Kd6 56. Kxf7 Nxg2 57. Kg7 Ke5 58. Kxh7 Nh4
59. Kh6 Nxf3 60. Kxg6 Nxh2 61. Kg5 Kxe4 62. Nb3 Nf3+ 63. Kg4 Nd4 64. Na1 Kd3
65. Kf4 Kc3 66. Ke5 0-1

[Event "I Festival Steinitz A"]
[Site "Roma ITA"]
[Date "2002.07.06"]
[Round "3"]
[White "Frontini, Yuri Diego"]
[Black "Medori, Marco"]
[Result "0-1"]
[WhiteElo "1500"]
[BlackElo "1723"]
[PlyCount "132"]
[EventDate "2002.07.05"]

1. d4 Nf6 2. c4 g6 3. Nc3 Bg7 4. e4 O-O 5. Be2 d6 6. Nf3 e5 7. O-O Nc6 8. d5
Ne7 9. b4 Ne8 10. Re1 h6 11. c5 f5 12. Nd2 Nf6 13. cxd6 cxd6 14. a4 fxe4 15.
Ndxe4 Nxe4 16. Nxe4 Bf5 17. Bf3 Rc8 18. Qb3 Bxe4 19. Bxe4 Nf5 20. Bb2 Qf6 21.
f4 Nd4 22. Bxd4 exd4 23. g3 Rc3 24. Qb1 d3 25. Kh1 d2 26. Re2 Rc1+ 27. Qxc1
dxc1=Q+ 28. Rxc1 Kh7 29. Rc7 Qd4 30. Bf3 Qxb4 31. Ree7 Qd4 32. Rxb7 Rc8 33.
Rxa7 Rc2 34. Rxg7+ Qxg7 35. Rxg7+ Kxg7 36. a5 Ra2 37. a6 Rxa6 38. Kg2 Ra2+ 39.
Kh3 Kf6 40. Bg4 h5 41. Bd7 Rd2 42. Bc6 g5 43. fxg5+ Kxg5 44. Bb7 Rd4 45. Bc6 h4
46. gxh4+ Rxh4+ 47. Kg3 Rb4 48. h3 Rb3+ 49. Kg2 Rd3 50. Kf2 Rxh3 51. Ke2 Kf4
52. Kd2 Ke4 53. Ke2 Rh2+ 54. Kd1 Kd4 55. Ke1 Ke3 56. Kd1 Kd3 57. Bb5+ Kd4 58.
Bc6 Rg2 59. Bb7 Rb2 60. Bc6 Kd3 61. Ke1 Rb1+ 62. Kf2 Rb4 63. Ba8 Re4 64. Bc6
Kd4 65. Kf3 Re5 66. Kf2 Rxd5 0-1

[Event "I Festival Steinitz A"]
[Site "Roma ITA"]
[Date "2002.07.06"]
[Round "3"]
[White "Gardon, Ermanno"]
[Black "Lattanzi, Domenico"]
[Result "1-0"]
[WhiteElo "2108"]
[BlackElo "1591"]
[PlyCount "83"]
[EventDate "2002.07.05"]

1. e4 c5 2. Nf3 d6 3. d4 cxd4 4. Nxd4 Nf6 5. Nc3 a6 6. f4 Qc7 7. a4 b6 8. Bd3
Bb7 9. O-O g6 10. Nf3 Bg7 11. Qe1 Nbd7 12. Qh4 Qc5+ 13. Kh1 Qh5 14. Qe1 Nc5 15.
Bd2 O-O 16. b4 Nxd3 17. cxd3 Nd7 18. Rd1 Rac8 19. Ne2 Bf6 20. Ng3 Qh6 21. e5
Bxf3 22. Rxf3 Bh4 23. e6 Nf6 24. exf7+ Rxf7 25. Rc1 Rxc1 26. Qxc1 Rf8 27. Qc4+
d5 28. Qxa6 e5 29. Qxb6 Re8 30. Nf1 e4 31. Rh3 Ng4 32. Be1 Qxf4 33. Bxh4 Qxf1+
34. Qg1 Rf8 35. dxe4 dxe4 36. Rc3 e3 37. h3 e2 38. hxg4 Qd1 39. Rf3 Qxa4 40.
Rxf8+ Kg7 41. Qf2 Qd1+ 42. Kh2 1-0

[Event "I Festival Steinitz A"]
[Site "Roma ITA"]
[Date "2002.07.06"]
[Round "3"]
[White "Leti, Jacopo"]
[Black "Clifford, Roby"]
[Result "1-0"]
[WhiteElo "1629"]
[BlackElo "1600"]
[PlyCount "53"]
[EventDate "2002.07.05"]

1. e4 e6 2. d4 d5 3. Nc3 dxe4 4. Nxe4 Qd5 5. Nc3 Bb4 6. Nf3 b6 7. Bd3 Ba6 8.
O-O Bxc3 9. bxc3 Bxd3 10. Qxd3 Nf6 11. Ba3 Nbd7 12. c4 Qb7 13. d5 O-O-O 14. Be7
Rde8 15. d6 Qe4 16. Qa3 Qb7 17. Nd4 c5 18. Nb5 a6 19. Nc3 Ng8 20. Bh4 Nh6 21.
Na4 Nf5 22. Bg3 h5 23. Rab1 h4 24. Nxb6+ Nxb6 25. d7+ Kxd7 26. Rfd1+ Kc6 27.
Qf3+ 1-0